লোডিং...

Modification of soil structure

গ্রন্থ-পঞ্জীর বিবরন
প্রধান লেখক: Bond, R.D
অন্যান্য লেখক: Emerson, W.W
বিন্যাস: Printed Book
ভাষা:Undetermined
English
প্রকাশিত: New York John Wiley and Sons 1978
বিষয়গুলি:
LEADER 00611nam a2200193Ia 4500
008 140306s9999 xx 000 0 und d
041 |a eng 
082 |a 631.4  |b EME/MO 
100 |a Bond, R.D 
700 |a Emerson, W.W 
245 |a Modification of soil structure 
260 |a New York  |b John Wiley and Sons  |c 1978 
300 |a 437 
365 |b USD.46.00 
650 |a Agricultural chemistry 
650 |a Soil Science 
942 |2 ddc  |c BK 
999 |c 119783  |d 119783 
952 |0 0  |1 0  |2 ddc  |4 0  |6 631_400000000000000_EMEMO  |7 0  |9 118969  |a KAUHCV  |b KAUHCV  |d 2004-05-05  |g 46.00  |o 631.4 EME/MO  |p KAU_HCV-10499  |r 2014-03-22  |w 2014-03-22  |y BK